Vista normal
Vista MARC
Entrada Materia (personas)
Número de registros utilizados en: 1
001 - CONTROL NUMBER
- control field: 33382
003 - CONTROL NUMBER IDENTIFIER
- control field: Co-BoUCM
005 - DATE AND TIME OF LATEST TRANSACTION
- control field: 20130320094837.0
008 - FIXED-LENGTH DATA ELEMENTS
- fixed length control field: 130320|| aca||aabn | a|a d
040 ## - CATALOGING SOURCE
- Original cataloging agency: Co-BoUCM
- Transcribing agency: Co-BoUCM
100 ## - HEADING--PERSONAL NAME
- Personal name: Pichler, Vitus
- Dates associated with a name: 1670-1736
670 ## - SOURCE DATA FOUND
- Source citation: Work cat.: (Co-BoUCM)68836: Pichler, Vitus 1670-1736, Ius canonicum secundum quinque Decretalium titulos Gregorii Papae IX, 1750